Responses for Show #8899 - Thursday, June 22, 2023

Ben Goldstein game 5.

Contestants

[<< previous game]

Andrea Rednick Granados, a community organizer and stay-at-home daughter from Dallas, Texas

Dan Meuse, a university lecturer from Cranston, Rhode Island

Ben Goldstein, a content marketing strategist from Dexter, Michigan (whose 4-day cash winnings total $37,293)

[next game >>]

Jeopardy! Round responses

STATE EMBLEMS
MOVIE TITLE CONNECTIONS
20th CENTURY HAPPENINGS
MED. ABBREV.
"CHAIN"
OF FUELS
    $200 29
Virginia

Dan
    $200 15
Night

Dan
    $200 30
Fidel & Raúl Castro

Ben
    $200 28
bed rest

Dan
    $200 17
chain mail (chain letters)

Dan
    $200 24
(liquid) hydrogen

Dan
    $400 6
a bullfrog

Dan
    $400 5
8

Ben
    $400 26
(Thurgood) Marshall

Dan
    $400 27
vital signs

Dan
    $400 13
the chain of command

Dan
    $400 23
peat

Dan
    $600 10
Justice

Dan
    $600 1
Remember

Ben
    $600 25
a marathon

Ben
    $600 4
autism spectrum disorder

Ben
    $600 8
chain mail

Andrea
    $600 22
octane

Dan
    $800 19
tartan

Dan
    $800 2
Evil

Ben
    $800 20
(Dan: What is a time change?)
(Mayim: More specific.)

Daylight Savings Time

Dan
    $800 7
fasting blood sugar

Andrea
    $800 9
blockchain

Andrea
    $800 21
coal

Ben
    $1,000 11
penicillin

Dan
    $1000 3
War

Andrea
    $1000 14
Dillinger

Ben
    $1000 12
fetal heart rate

Ben
    $1000 16
chain of custody

Ben
    $1000 18
diesel

Ben

Scores at the first commercial break (after clue 15):

Ben Dan Andrea
$4,400 $2,600 $3,200

Scores at the end of the Jeopardy! Round:

Ben Dan Andrea
$8,000 $6,800 $3,200

Double Jeopardy! Round responses

GOING DUTCH
12-LETTER WORDS
WRITING ON THE WALLS
TRUMPET TOOTIN'
LET'S "T" UP THE MAP
VAMPIRE-POURRI
    $400 30
jump ropes

Dan
    $400 22
conversation

Andrea
    $400 29
shadow puppets

Ben
    $400 7
"Hello, Dolly!"

Ben
    $400 27
Tijuana

Ben
    $400 28
Buffy the Vampire Slayer

Triple Stumper
    $800 15
Hans Brinker

Andrea
    $800 1
a weightlifter

Ben
    $800 26
East Germany

Dan
    $800 2
Miles Davis

Ben
    $800 6
Tonkin

Ben
    $800 20
(Andrea: What is True Blood?)

What We Do in the Shadows

Andrea
Triple Stumper
    $1200 10
the Amish

Dan
    $1200 8
toxicologist

Andrea
    $1200 17
Neil Gaiman

Triple Stumper
    $1200 3
"Penny Lane"

Ben
    $1200 12
(Ben: What's Seattle?)

Tacoma

BenDan
    $1200 19
twinkle (sparkle)

Andrea
    $1600 11
Dutch elm disease

Ben
    $3,000 9
(Andrea: What is... manslaughter?)

misadventure

Andrea
    $2,500 18
(Mayim: How much are you going to wager this time?)
(Andrea: Less.)
...
(Andrea: Oh, dear. What is...)

Hadrian's Wall

Andrea
    $1600 4
the Baroque

Triple Stumper
    $1600 14
Tangier

Triple Stumper
    $1600 21
Van Helsing

Dan
    $2000 24
Aruba

Dan
    $2000 16
solarization

Triple Stumper
    $2000 23
Bartleby

Andrea
    $2000 5
Quincy Jones

Andrea
    $2000 13
(Dan: What is Tigrit?)

Tikrit

Dan
Triple Stumper
    $2000 25
(Mayim: Yes, I've seen it so many times.)
[Mild laughter]

Abraham Lincoln: Vampire Hunter

Ben

Scores at the end of the Double Jeopardy! Round:

Ben Dan Andrea
$15,200 $12,000 $4,500

[wagering suggestions for these scores]

Final Jeopardy! Round responses

THE 19th CENTURY
(Mayim: [To Andrea] That's correct, James [*] from the [*] Doctrine.)
AndreaWho is Monroe?
$3,001
DanWho is Marshall?
$0
BenWho is Madison?
$3,195
(James) Monroe

Final scores:

Ben Dan Andrea
$12,005 $12,000 $7,501
5-day champion: $49,298 2nd place: $2,000 3rd place: $1,000

Game dynamics:

Coryat scores:

Ben Dan Andrea
$15,200 $12,000 $10,000
20 R,
1 W
21 R
(including 1 DD),
1 W
10 R,
3 W
(including 2 DDs)

Combined Coryat: $37,200

[game clues] [game scores] [suggest correction]

Game tape date: 2023-04-13
The J! Archive is created by fans, for fans. Scraping, republication, monetization, and malicious use prohibited; this site may use cookies and collect identifying information. See terms. The Jeopardy! game show and all elements thereof, including but not limited to copyright and trademark thereto, are the property of Jeopardy Productions, Inc. and are protected under law. This website is not affiliated with, sponsored by, or operated by Jeopardy Productions, Inc. Join the discussion at JBoard.tv.